Wszystkie drużyny ligi mistrzów 2023-24 - Statystyki

Ogólne statystyki
  • Ten quiz został rozwiązany 130 razy
  • Średni wynik to 23 z 32
Statystyki odpowiedzi
Hint Odpowiedź % Poprawnych
Niemcy Bayern
96%
Hiszpania Real Madryt
94%
Hiszpania Barcelona
91%
Anglia Manchester City
91%
Anglia Manchester United
86%
Francja PSG
86%
Niemcy Borussia
84%
Hiszpania Atletico
82%
Portugalia Porto
82%
Włochy Inter
81%
Anglia Arsenal
80%
Turcja Galatasaray
80%
Portugalia Benfica
79%
Włochy Napoli
76%
Włochy Milan
75%
Dania Kopenhaga
74%
Holandia PSV
74%
Anglia Newcastle
65%
Szkocja Celtic
64%
Francja Lens
63%
Hiszpania Real Sociedad
63%
Hiszpania Sevilla
62%
Szwajcaria Young Boys
59%
Holandia Feyenoord
56%
Niemcy Union Berlin
56%
Portugalia Braga
55%
Ukraina Szachtar
55%
Włochy Lazio
53%
Niemcy Lipsk
53%
Serbia Crvena
46%
Austria Salzburg
46%
Belgia Antwerp
45%
Nie znaleziono quizów pasujących do podanych kryteriów
Rozkład punktacji
Procent ludzi z każdym wynikiem
Percentyl według liczby udzielonych odpowiedzi
Twoja historia wyników
Nie rozwiązałeś tego quizu